فعالية نادي المناظرة باللغة العربية في تنمية مهارة الكلام بالجامعة الإسلامية العالمية بماليزيا من وجهة نظر الطلاب الأعضاء /
Saved in:
| Main Author: | |
|---|---|
| Other Authors: | |
| Format: | Thesis |
| Language: | Arabic |
| Published: |
Gombak, Selangor :
al-Jami'ah al-Islamiyah al-'Alamiyah Maliziya ,
2008
|
| Subjects: | |
| Online Access: | http://studentrepo.iium.edu.my/handle/123456789/8283 |
| Tags: |
Add Tag
No Tags, Be the first to tag this record!
|
| LEADER | 025000000a22004090004500 | ||
|---|---|---|---|
| 001 | 426582 | ||
| 005 | 20090408094500.0 | ||
| 008 | 090219s2008 my a g 000 0 ara d | ||
| 035 | |a (Sirsi) 426582 | ||
| 040 | |a UIAM |b eng | ||
| 041 | 0 | |a ara | |
| 050 | 0 | 0 | |a PJ6115 |
| 100 | 1 | |a شطيبي، خالد | |
| 242 | 1 | 0 | |a Fa'aliyat Nadi al-Munazarah bi-Lughah al-'Arabiyah fi tanmiyat maharat al-kalam bi-al-Jami'ah al-Islamiyah al-'Alamiyah bi-Maliziya min wajhat nazr al-tullab al-a'da' |
| 245 | 1 | 0 | |a فعالية نادي المناظرة باللغة العربية في تنمية مهارة الكلام بالجامعة الإسلامية العالمية بماليزيا من وجهة نظر الطلاب الأعضاء / |c إعداد، خالد الشطيبي |
| 260 | |a Gombak, Selangor : |b al-Jami'ah al-Islamiyah al-'Alamiyah Maliziya , |c 2008 | ||
| 300 | |a ش، 67 leaves : |b ill. ; |c 30 cm. | ||
| 500 | |a Abstracts in English and Arabic. | ||
| 500 | |a "Bahth takmili li-nayl darjat al-majistir fi al-tarbiyah (Ta'lim al-Lughah al-'Arabiyah li-ghayr al-natiqin bi-ha) "--On t.p. | ||
| 502 | |a Thesis (MED)--International Islamic University Malaysia, 2008. | ||
| 504 | |a Includes bibliographical references (leaves 57-58). | ||
| 596 | |a 1 | ||
| 610 | 2 | 0 | |a Arabic Debating Club (International Islamic University Malaysia) |
| 650 | 0 | |a Arabic language |x Spoken Arabic | |
| 650 | 0 | |a Debates and debating | |
| 650 | 0 | |a Arabic language |x Spoken Arabic Study and teaching |z Malaysia | |
| 655 | 0 | 7 | |a Theses, IIUM local |
| 690 | |a Dissertations, Academic |x Kulliyah of Education |z IIUM | ||
| 700 | 1 | |a Chatibi, Khalid | |
| 710 | 2 | |a International Islamic University Malaysia. |b Kulliyah of Education | |
| 730 | 0 | |a Fa'aliyat nadi al-munazarah bi-lughah al-'Arabiyah fi tanmiyat maharat al-kalam bi-al-Jami'ah al-Islamiyah al-'Alamiyah bi-Maliziya min wajhat nazr al-tullab al-a'da'. (Electronic resource) | |
| 856 | 4 | |u http://studentrepo.iium.edu.my/handle/123456789/8283 | |
| 900 | |a os-naw-zhmn-ami-naw | ||
| 999 | |c 433300 |d 463141 | ||
| 952 | |0 0 |6 T PJ 006115 C494F 2008 |7 0 |8 THESES |9 756137 |a IIUM |b IIUM |c MULTIMEDIA |g 0.00 |o t PJ6115C494F 2008 |p 00011275264 |r 2017-10-20 |t 2 |v 0.00 |y THESIS | ||
| 952 | |0 0 |6 LU T PJ6115C494F 2008 |7 0 |8 THESES |9 757392 |a IIUM |b IIUM |c CLOSEACCES |g 0.00 |o lu t PJ6115C494F 2008 |p 00011033496 |r 2017-10-25 |t 1 |v 0.00 |y THESIS | ||
| 952 | |0 0 |6 TS CDF PJ6115C494F 2008 |7 0 |8 THESES |9 832859 |a IIUM |b IIUM |c MULTIMEDIA |g 0.00 |o ts cdf PJ6115C494F 2008 |p 11100326513 |r 2017-10-26 |t 1 |v 0.00 |y THESISDIG | ||
